000 00597cam a2200181 a 4500
005 20250901165415.0
008 020603s2004 maua b 001 0 eng
010 _a 2002075194
020 _a0072466138 (combined ed. : alk. paper)
050 0 0 _aHF5635 .S7838 2004
_b.S7838 2004
082 0 0 _a657/.044
_221
100 1 _aSpiceland, J. David,
_d1949-
245 1 0 _aIntermediate accounting /
_cJ. David Spiceland, James F. Sepe, Lawrence A. Tomassini.
250 _a3rd ed.
260 _aBoston :
_bMcGraw-Hill/Irwin,
_cc2004.
300 _axxxii, 1174, 23 p. :
_bcol. ill. ;
_c29 gcm.
942 _2ddc
999 _c3460
_d3460